Estudio técnico-económico de un sistema fotovoltaico hibrido para el Instituto Oftalmológico Munguía en el departamento de Managua

La investigación presenta el estudio técnico-económico como propuesta para la implementación de un sistema fotovoltaico hibrido, con topología de funcionamiento de conexión al servicio eléctrico comercial, operando de forma sincronizada y en paralelo, además de un sistema de almacenamiento d...

Full description

Bibliographic Details
Main Authors: Rivera Lumbi, Heyling Jesebel, Poveda Gutiérrez, Reynada de Los Angeles
Other Authors: Tutor: Arcia Lacayo, Ramiro Antonio
Format: Tesis Section = Libro
Language:Undetermined
Spanish
Published: Managua UNI 2019
Subjects:
LEADER 01355nam a2200265Ia 4500
008 240830s9999 xx 000 0 und d
040 |a BIBLIOTECA-RUSB/ Mon 621.31244 R621 
041 |a spa 
082 |a Mon 621.31244 R621 
100 1 |a Rivera Lumbi, Heyling Jesebel 
100 1 |b Poveda Gutiérrez, Reynada de Los Angeles 
245 1 0 |a Estudio técnico-económico de un sistema fotovoltaico hibrido para el Instituto Oftalmológico Munguía en el departamento de Managua 
260 |a Managua  |b UNI  |c 2019 
300 |a VII, 98 p. :il. 
500 |a Contiene: anexos y CD. 
502 |a Tesis (Ingeniero Eléctrico) - UNI, 2019. 
520 3 |a La investigación presenta el estudio técnico-económico como propuesta para la implementación de un sistema fotovoltaico hibrido, con topología de funcionamiento de conexión al servicio eléctrico comercial, operando de forma sincronizada y en paralelo, además de un sistema de almacenamiento de energía mediante baterías de tipo acido plomo (AGM VRLA), tiene como objetivo proporcionar disponibilidad y confiabilidad a las cargas eléctricas. 
650 7 |a SISTEMAS FOTOVALTAICO 
650 7 |b  PANELES FOTOVOLTAICOS 
650 7 |c  CONSUMO ENERGETICO 
650 7 |d  ENERGIA SOLAR 
700 1 |a Tutor:  |b Arcia Lacayo, Ramiro Antonio 
942 |c BK  |2 ddc 
991 |a TESIS 
999 |c 20151